| 000 | 00557nam a2200193 a 4500 | ||
|---|---|---|---|
| 999 |
_c5784 _d5784 |
||
| 003 | BD-JhCC | ||
| 005 | 20171221124814.0 | ||
| 008 | 171221s1994 bg ||||| |||| 00| 0 ben d | ||
| 035 | _a(BD-JhCC) | ||
| 040 |
_aBD-JhCC _dBD-JhCC |
||
| 041 | _aben | ||
| 082 |
_a920. _bMAH 1994 |
||
| 100 | _aমাহমুদ, সেজান | ||
| 245 |
_aবিশ্বের শ্রেষ্ঠ দশ : অভিযাত্রী / _cসেজান মাহমুদ |
||
| 300 |
_a91 p. : _c21 cm. |
||
| 650 | _aBiography | ||
| 942 |
_2ddc _cBK |
||